000 00474nam a2200133 4500
999 _c14188
_d14188
008 190904b ||||| |||| 00| 0 eng d
082 _aDPer 050 T48 Apr-June 2016 v. 187 n. 12-24
100 _939313
_aBaker, Aryn.
245 _aWorld war crimes:
_bslaughter and starvation haunt a broken South Sudan/
_cAryn Baker.
260 _aHong Kong:
_bTime Asia,
_cc2016.
300 _av187 n20, pages 20-27:
_billustrations;
_c27 cm.
650 _2War
_xCrimes
_939838
942 _2ddc
_cPER